RESEARCH programme 1963-1967 : progress report 1963

Bibliographic Details
Corporate Author: Forest Research Institute Malaysia (FRIM)
Format: Book
Published: Kuala Lumpur : Forest Department , 1967
Series:Research pamphlet ; no. 50A
Subjects:

MARC

LEADER 00000cam a2200000 7i4500
001 0000003062
005 20040427.0
090 0 0 |a RP634.9072   |b RES 1967 
245 0 0 |a RESEARCH programme 1963-1967 :   |b progress report 1963 
260 0 0 |a Kuala Lumpur :   |b Forest Department ,   |c 1967 
300 |a 66 p. ;   |c 34 cm. 
440 0 0 |a Research pamphlet ; no. 50A 
650 0 0 |a Forests and forestry   |x Research 
710 1 1 |a Forest Research Institute Malaysia (FRIM) 
998 |a JPSM 
999 |a 0000005393   |b Monograph   |c Open Shelf   |e Default branch